Statistics for NBA 2018-19 January Players 15 Rebounds Games

Click here to take the quiz!

General Stats

  • This quiz has been taken 18 times
  • The average score is 26 of 38

Answer Stats

PlayerTeam% Correct
Andre DrummondPistons6
94%
Anthony DavisPelicans3
94%
Clint CapelaRockets2
94%
Ed DavisNets3
94%
Giannis AntetokounmpoBucks4
94%
Hassan WhitesideHeat3
94%
Joel Embiid76ers4
94%
Karl-Anthony TownsTimberwolves4
94%
Rudy GobertJazz7
94%
Steven AdamsThunder2
94%
DeAndre JordanMavericks6
89%
Draymond GreenWarriors1
89%
Nikola VucevicMagic3
89%
Russell WestbrookThunder3
89%
DeAndre AytonSuns1
83%
Jusuf NurkicTrail Blazers3
83%
Kevin DurantWarriors1
83%
Nikola JokicNuggets2
83%
Jarrett AllenNets1
78%
Lauri MarkkanenBulls2
78%
Marc GasolGrizzlies1
78%
James HardenRockets1
72%
Myles TurnerPacers1
72%
Ben Simmons76ers1
67%
Enes KanterKnicks2
67%
Taj GibsonTimberwolves1
61%
Domantas SabonisPacers1
56%
Pascal SiakamRaptors1
56%
Thaddeus YoungPacers1
50%
Al-Farouq AminuTrail Blazers1
44%
Ivica ZubacLakers1
44%
Josh HartLakers1
39%
Jahlil OkaforPelicans1
33%
Kenrich WilliamsPelicans1
33%
Thomas BryantWizards1
28%
Willy HernangomezHornets1
28%
Nemanja BjelicaKings1
11%
Torrey CraigNuggets1
6%

Score Distribution

Percentile by Number Answered

Percent of People with Each Score

Your Score History

You have not taken this quiz